Zgadnij państwo po pierogach - Statystyki

Ogólne statystyki
  • Ten quiz został rozwiązany 37 razy
  • Średni wynik to 4 z 10
Statystyki odpowiedzi
Pierogi Państwo % Poprawnych
Ruskie Polska
100%
Ravioli Włochy
75%
Gyoza Japonia
47%
Pielmieni Rosja/Ukraina
47%
Maultaschen Niemcy
41%
Baozi Chiny
38%
Jiaozi Chiny
34%
Empanadas Argentyna
31%
Wareniki Ukraina
16%
Mandu Korea
13%
Nie znaleziono quizów pasujących do podanych kryteriów
Rozkład punktacji
Procent ludzi z każdym wynikiem
Percentyl według liczby udzielonych odpowiedzi
Twoja historia wyników
Nie rozwiązałeś tego quizu